00455nam a2200193Ia 4500008004100000020001800041050001400059100001600073245003200089245001600121260001500137260001600152260000900168300001600177300002700193300001100220440002100231500000900252170918s9999 xx 000 0 und d a9780007420063 bT969 2011 aTwain, Mark 4aThe Prince and the Pauper / cMark Twain. aNew York : bScholastic, c2011 a248 pages : bcolored illustration ; c18cm.  vCollins classic. a1170